[Event "HUN-chT2 Maroczy 1819"]
[Site "Hungary"]
[Date "2019.03.10"]
[Round "9.4"]
[White "Amstadt, Aron"]
[Black "Dragomirescu, Robin Alexandru"]
[Result "1/2-1/2"]
[WhiteElo "2340"]
[BlackElo "2337"]
[PlyCount "26"]
[EventDate "2018.09.23"]
[EventType "team-tourn"]
[EventRounds "11"]
[EventCountry "HUN"]
[SourceTitle "EXT 2020"]
[Source "ChessBase"]
[SourceDate "2019.10.17"]
[SourceVersion "1"]
[SourceVersionDate "2019.10.17"]
[SourceQuality "1"]
[WhiteTeam "Dunaharaszti II"]
[BlackTeam "Kisujszallas"]
[WhiteTeamCountry "HUN"]
[BlackTeamCountry "HUN"]

1. Nf3 Nf6 2. e3 g6 3. b4 Bg7 4. Bb2 d6 5. c4 0-0 6. Nc3 e5 7. Be2 e4 8. Nd4 Nbd7 9. 0-0 Ne5 10. f4 exf3 11. Nxf3 Re8 12. Rc1 Be6 13. Nb5 c6 1/2-1/2

[Event "HUN-chT2 Maroczy 1819"]
[Site "Hungary"]
[Date "2018.10.28"]
[Round "3.4"]
[White "Marosi, Levente"]
[Black "Amstadt, Aron"]
[Result "1-0"]
[WhiteElo "2255"]
[BlackElo "2340"]
[PlyCount "71"]
[EventDate "2018.09.23"]
[EventType "team-tourn"]
[EventRounds "11"]
[EventCountry "HUN"]
[SourceTitle "EXT 2020"]
[Source "ChessBase"]
[SourceDate "2019.10.17"]
[SourceVersion "1"]
[SourceVersionDate "2019.10.17"]
[SourceQuality "1"]
[WhiteTeam "Budapest MTK"]
[BlackTeam "Dunaharaszti II"]
[WhiteTeamCountry "HUN"]
[BlackTeamCountry "HUN"]

1. e4 d6 2. d4 Nf6 3. Nc3 e5 4. Nf3 Nbd7 5. g4 h6 6. Rg1 c6 7. g5 hxg5 8. Bxg5 Qb6 9. Qd2 exd4 10. Nxd4 Ne5 11. 0-0-0 Bg4 12. Be2 Bxe2 13. Qxe2 Rxh2 14. Bf4 Rh3 15. Nf5 0-0-0 16. Be3 Qa5 17. Nxg7 b5 18. Bd4 b4 19. Nb1 Nfd7 20. Nf5 Qxa2 21. Rg3 Rxg3 22. fxg3 c5 23. Bxe5 Nxe5 24. c3 Rd7 25. Qc2 Kb8 26. b3 Qa5 27. Rd5 Qa6 28. Kb2 Be7 29. Nxe7 Rxe7 30. cxb4 cxb4 31. Qd2 Qb7 32. Rxd6 Qxe4 33. Rd4 Qf3 34. Qxb4+ Kc8 35. Qxe7 Qe2+ 36. Ka1 1-0

[Event "HUN-chT2 Maroczy 1718"]
[Site "Hungary"]
[Date "2018.02.18"]
[Round "6.2"]
[White "Amstadt, Aron"]
[Black "Karolyi, Tibor Jr"]
[Result "1/2-1/2"]
[WhiteElo "2333"]
[BlackElo "2326"]
[PlyCount "21"]
[EventDate "2017.10.29"]
[EventType "team-tourn"]
[EventRounds "9"]
[EventCountry "HUN"]
[SourceTitle "EXT 2021"]
[Source "ChessBase"]
[SourceDate "2020.10.23"]
[SourceVersion "1"]
[SourceVersionDate "2020.10.23"]
[SourceQuality "1"]
[WhiteTeam "Dunaharaszti II"]
[BlackTeam "Toth Laszlo"]
[WhiteTeamCountry "HUN"]
[BlackTeamCountry "HUN"]

1. Nf3 Nf6 2. c4 e6 3. Nc3 d5 4. cxd5 Nxd5 5. e4 Nxc3 6. bxc3 c5 7. d4 cxd4 8. cxd4 Bb4+ 9. Bd2 Bxd2+ 10. Qxd2 0-0 11. Be2 1/2-1/2

[Event "HUN-chT2 Maroczy 1718"]
[Site "Hungary"]
[Date "2017.11.26"]
[Round "2.3"]
[White "Amstadt, Aron"]
[Black "Feher, Gyula"]
[Result "1/2-1/2"]
[WhiteElo "2333"]
[BlackElo "2345"]
[PlyCount "49"]
[EventDate "2017.10.29"]
[EventType "team-tourn"]
[EventRounds "9"]
[EventCountry "HUN"]
[SourceTitle "EXT 2021"]
[Source "ChessBase"]
[SourceDate "2020.10.23"]
[SourceVersion "1"]
[SourceVersionDate "2020.10.23"]
[SourceQuality "1"]
[WhiteTeam "Dunaharaszti II"]
[BlackTeam "Taban Spartacus"]
[WhiteTeamCountry "HUN"]
[BlackTeamCountry "HUN"]

1. Nf3 Nf6 2. c4 g6 3. Nc3 c5 4. g3 Bg7 5. Bg2 0-0 6. d4 cxd4 7. Nxd4 d6 8. 0-0 Qa5 9. Rb1 Nc6 10. Nxc6 bxc6 11. b4 Qc7 12. Bf4 e5 13. Bg5 Bf5 14. Rc1 Rab8 15. Qa4 Bd7 16. Rfd1 Rfc8 17. b5 h6 18. Be3 Ra8 19. h3 Bf8 20. Qa6 Kg7 21. a4 Ne8 22. c5 dxc5 23. Rd2 Nf6 24. Rcd1 Be8 25. a5 1/2-1/2

[Event "HUN-chT2 Maroczy 1718"]
[Site "Hungary"]
[Date "2017.10.29"]
[Round "1.4"]
[White "Amstadt, Aron"]
[Black "Vicsai, Gabor"]
[Result "1-0"]
[WhiteElo "2333"]
[BlackElo "2266"]
[PlyCount "87"]
[EventDate "2017.10.29"]
[EventType "team-tourn"]
[EventRounds "9"]
[EventCountry "HUN"]
[SourceTitle "EXT 2021"]
[Source "ChessBase"]
[SourceDate "2020.10.23"]
[SourceVersion "1"]
[SourceVersionDate "2020.10.23"]
[SourceQuality "1"]
[WhiteTeam "Dunaharaszti II"]
[BlackTeam "Budapest Kobanya II"]
[WhiteTeamCountry "HUN"]
[BlackTeamCountry "HUN"]

1. Nf3 Nf6 2. c4 g6 3. d4 Bg7 4. g3 0-0 5. Bg2 d5 6. cxd5 Nxd5 7. 0-0 c5 8. e4 Nb6 9. d5 e6 10. Bg5 f6 11. Be3 Na6 12. Nc3 Nc4 13. Bc1 Nd6 14. e5 fxe5 15. Ng5 Nc7 16. dxe6 Bxe6 17. Nxe6 Nxe6 18. Qd5 Qe7 19. Bg5 Qxg5 20. Qxe6+ Nf7 21. Bxb7 Rab8 22. Ne4 Qf5 23. Qxf5 gxf5 24. Nxc5 Kh8 25. Rfd1 e4 26. Rab1 Ne5 27. b3 h5 28. Kg2 Rfd8 29. Ba6 Bf6 30. h4 Kh7 31. Be2 Rbc8 32. b4 Be7 33. Rxd8 Rxd8 34. Rd1 Rxd1 35. Bxd1 a5 36. a3 axb4 37. axb4 Nc6 38. Ne6 Nxb4 39. Bxh5 Nd3 40. Be8 Kh6 41. Nd4 Nxf2 42. Nxf5+ Kh7 43. Kxf2 Bc5+ 44. Ke2 1-0

[Event "HUN-chT2 Charousek 1516"]
[Site "Hungary"]
[Date "2016.04.17"]
[Round "9.3"]
[White "Papp, Gellert"]
[Black "Amstadt, Aron"]
[Result "1/2-1/2"]
[WhiteElo "2337"]
[BlackElo "2331"]
[PlyCount "94"]
[EventDate "2015.10.18"]
[EventType "team-tourn"]
[EventRounds "9"]
[EventCountry "HUN"]
[SourceTitle "EXT 2017"]
[Source "ChessBase"]
[SourceDate "2016.10.25"]
[SourceVersion "1"]
[SourceVersionDate "2016.10.25"]
[SourceQuality "1"]
[WhiteTeam "Hobagoly"]
[BlackTeam "Decs 1990"]
[WhiteTeamCountry "HUN"]
[BlackTeamCountry "HUN"]

1. e4 c5 2. Nf3 e6 3. d4 cxd4 4. Nxd4 a6 5. c4 Nf6 6. Nc3 Bb4 7. Qd3 Qc7 8. a3 Bxc3+ 9. Qxc3 Nxe4 10. Nb5 axb5 11. Qxg7 Rf8 12. Bh6 Qc5 13. f3 f5 14. fxe4 fxe4 15. Qxf8+ Qxf8 16. Bxf8 Kxf8 17. cxb5 d5 18. Rc1 Nd7 19. Be2 Ke7 20. Rf1 Ne5 21. Kd2 Bd7 22. Ke3 Kd6 23. Rf4 Ra5 24. Rh4 Bxb5 25. Bxb5 Rxb5 26. b4 h6 27. h3 Nc4+ 28. Rxc4 dxc4 29. Rxh6 Rd5 30. Rh8 Rd3+ 31. Kxe4 Rxa3 32. g4 Rg3 33. Kf4 Rg1 34. Rd8+ Kc6 35. h4 Kb5 36. h5 c3 37. Rc8 Kxb4 38. h6 Rh1 39. g5 Kb3 40. Ke5 c2 41. Kxe6 Kb2 42. Kf7 c1Q 43. Rxc1 Kxc1 44. Kg7 b5 45. h7 b4 46. h8Q Rxh8 47. Kxh8 b3 1/2-1/2

[Event "HUN-chT 1314"]
[Site "Hungary"]
[Date "2013.09.22"]
[Round "2"]
[White "Feher, Adam"]
[Black "Amstadt, Aron"]
[Result "1-0"]
[WhiteElo "2372"]
[BlackElo "2340"]
[PlyCount "63"]
[EventDate "2013.09.08"]
[EventType "team-tourn"]
[EventRounds "9"]
[EventCountry "HUN"]
[SourceTitle "EXT 2015"]
[Source "ChessBase"]
[SourceDate "2014.11.20"]
[SourceVersion "1"]
[SourceVersionDate "2014.11.20"]
[SourceQuality "1"]
[WhiteTeam "Budapest Titanok"]
[BlackTeam "Decs"]
[WhiteTeamCountry "HUN"]
[BlackTeamCountry "HUN"]

1. e4 c5 2. Nf3 Nc6 3. d4 cxd4 4. Nxd4 Qc7 5. Nc3 e6 6. Be2 a6 7. 0-0 Nf6 8. Be3 Be7 9. f4 d6 10. Kh1 Bd7 11. Bf3 Rc8 12. Nb3 b5 13. g4 h6 14. a3 g5 15. e5 dxe5 16. fxg5 hxg5 17. Rf2 Rd8 18. Qe2 Bc8 19. Rd1 Rxd1+ 20. Qxd1 Bb7 21. Kg1 Rh3 22. Qf1 Rxf3 23. Rxf3 Nxg4 24. Qh3 Nxe3 25. Rxe3 Qb6 26. Kf1 g4 27. Qh8+ Bf8 28. Rd3 Nd4 29. Qxe5 Nf3 30. Qb8+ Ke7 31. Nc5 Nxh2+ 32. Qxh2 1-0

[Event "HUN-chT 1314"]
[Site "Hungary"]
[Date "2013.09.08"]
[Round "1"]
[White "Ilincic, Zlatko"]
[Black "Amstadt, Aron"]
[Result "1/2-1/2"]
[WhiteElo "2408"]
[BlackElo "2340"]
[PlyCount "76"]
[EventDate "2013.09.08"]
[EventType "team-tourn"]
[EventRounds "9"]
[EventCountry "HUN"]
[SourceTitle "EXT 2015"]
[Source "ChessBase"]
[SourceDate "2014.11.20"]
[SourceVersion "1"]
[SourceVersionDate "2014.11.20"]
[SourceQuality "1"]
[WhiteTeam "MLTC"]
[BlackTeam "Decs"]
[WhiteTeamCountry "HUN"]
[BlackTeamCountry "HUN"]

1. d4 Nf6 2. c4 e6 3. Nf3 Bb4+ 4. Bd2 Qe7 5. Bc3 b6 6. a3 Bxc3+ 7. Nxc3 Bb7 8. Qc2 d5 9. e3 0-0 10. cxd5 exd5 11. Be2 Nbd7 12. 0-0 c6 13. Bd3 Rfe8 14. Nd2 c5 15. Bb5 cxd4 16. exd4 a6 17. Bd3 Qd6 18. Rae1 Re7 19. Rxe7 Qxe7 20. Qb3 Re8 21. Nf3 Qd6 22. Bb1 g6 23. Ba2 Kg7 24. h3 Re7 25. Rd1 Re8 26. Nh2 b5 27. Nf3 Nb6 28. Ne5 Nc4 29. Nd3 Ne4 30. a4 Qf6 31. axb5 Qxd4 32. Nxe4 Rxe4 33. bxa6 Bxa6 34. Nb4 Qb6 35. Nxd5 Qxb3 36. Bxb3 Nxb2 37. Ra1 Bc4 38. Bxc4 Nxc4 1/2-1/2

[Event "EU-chT U18"]
[Site "Maribor"]
[Date "2013.07.12"]
[Round "7"]
[White "Amstadt, Aron"]
[Black "Urbanc, Peter"]
[Result "1-0"]
[WhiteElo "2346"]
[BlackElo "2030"]
[PlyCount "101"]
[EventDate "2013.07.06"]
[EventType "team-tourn"]
[EventRounds "7"]
[EventCountry "SLO"]
[SourceTitle "CBM 155 Extra"]
[Source "ChessBase"]
[SourceDate "2013.08.26"]
[SourceVersion "1"]
[SourceVersionDate "2013.08.26"]
[SourceQuality "1"]
[WhiteTeam "Hungary U18"]
[BlackTeam "Slovenia U18 II"]
[WhiteTeamCountry "HUN"]
[BlackTeamCountry "SLO"]

1. d4 Nf6 2. c4 c5 3. d5 b5 4. cxb5 a6 5. b6 Qxb6 6. Nc3 g6 7. g3 Bg7 8. Bg2 d6 9. Nf3 0-0 10. 0-0 Nbd7 11. Rb1 Ng4 12. Bd2 a5 13. b3 Nge5 14. h3 Nxf3+ 15. exf3 Nf6 16. f4 Bf5 17. Rc1 Rfb8 18. Re1 Ra7 19. Na4 Qd8 20. Bc3 Ne8 21. Qe2 Kf8 22. Bxg7+ Nxg7 23. Bf1 Rb4 24. Rc4 Bd7 25. Nc3 Nf5 26. g4 Nd4 27. Qd3 Rxc4 28. bxc4 Rb7 29. Ne2 Nxe2+ 30. Qxe2 Bc8 31. Qe3 Qb6 32. Bd3 Qb2 33. f5 Qg7 34. Kh2 gxf5 35. gxf5 Qf6 36. Re2 Rb2 37. Rxb2 Qxb2 38. f6 Qxf6 39. Bxh7 Bf5 40. Bxf5 Qxf5 41. h4 Qg4 42. Qh6+ Qg7 43. Qf4 Qb2 44. a4 Qa1 45. h5 Qe5 46. Qxe5 dxe5 47. Kg3 Kg7 48. Kg4 Kf6 49. f3 Kg7 50. Kf5 f6 51. Ke6 1-0

[Event "EU-chT U18"]
[Site "Maribor"]
[Date "2013.07.08"]
[Round "4"]
[White "Studer, Noel"]
[Black "Amstadt, Aron"]
[Result "1-0"]
[WhiteElo "2324"]
[BlackElo "2346"]
[PlyCount "81"]
[EventDate "2013.07.06"]
[EventType "team-tourn"]
[EventRounds "7"]
[EventCountry "SLO"]
[SourceTitle "CBM 155 Extra"]
[Source "ChessBase"]
[SourceDate "2013.08.26"]
[SourceVersion "1"]
[SourceVersionDate "2013.08.26"]
[SourceQuality "1"]
[WhiteTeam "Switzerland U18"]
[BlackTeam "Hungary U18"]
[WhiteTeamCountry "SUI"]
[BlackTeamCountry "HUN"]

1. e4 e6 2. d4 d5 3. Nd2 Nf6 4. e5 Nfd7 5. Bd3 c5 6. c3 Nc6 7. Ne2 cxd4 8. cxd4 f6 9. exf6 Nxf6 10. Nf3 Bd6 11. 0-0 Qc7 12. h3 0-0 13. Be3 Bd7 14. Rc1 Rac8 15. Nc3 a6 16. Na4 Qa5 17. b3 Nb4 18. Rxc8 Rxc8 19. Bb1 Nc6 20. Re1 Rf8 21. Ne5 b5 22. Nxd7 Nxd7 23. Nc5 Bxc5 24. dxc5 Qc7 25. Qg4 Nd8 26. Qh4 Nf6 27. Bd4 h6 28. b4 Qf7 29. a3 Nc6 30. Bb2 Nh5 31. f3 Nf4 32. Qg4 h5 33. Qg5 e5 34. Bxe5 Nxe5 35. Rxe5 Nxh3+ 36. gxh3 Qxf3 37. Qg2 Qd1+ 38. Kh2 Qxb1 39. Qxd5+ Kh7 40. Rxh5+ Kg6 41. Qg5+ 1-0

[Event "HUN-ch U18"]
[Site "Balatonlelle"]
[Date "2013.06.29"]
[Round "9"]
[White "Amstadt, Aron"]
[Black "Markos, Adam"]
[Result "1-0"]
[WhiteElo "2346"]
[BlackElo "2073"]
[PlyCount "75"]
[EventDate "2013.??.??"]
[EventType "tourn"]
[EventRounds "9"]
[EventCountry "HUN"]
[SourceTitle "EXT 2014"]
[Source "ChessBase"]
[SourceDate "2013.11.20"]
[SourceVersion "1"]
[SourceVersionDate "2013.11.20"]
[SourceQuality "1"]

1. d4 d5 2. c4 c6 3. e3 Nf6 4. Nc3 e6 5. Nf3 Nbd7 6. Qc2 Bd6 7. Bd3 0-0 8. 0-0 dxc4 9. Bxc4 e5 10. Rd1 Qe7 11. a3 h6 12. e4 Nb6 13. dxe5 Bxe5 14. Nxe5 Qxe5 15. Bf1 Ng4 16. g3 Qh5 17. f4 Qc5+ 18. Kg2 Be6 19. h3 Bb3 20. Qe2 Bxd1 21. Nxd1 Nf6 22. e5 Nfd5 23. b4 Qe7 24. Qe4 f5 25. Qf3 Kh8 26. Bd3 a5 27. g4 axb4 28. gxf5 bxa3 29. Nf2 a2 30. Ng4 Qh4 31. f6 gxf6 32. exf6 Nxf6 33. Bb2 Ra4 34. Nxf6 Rxf6 35. Qe3 Raxf4 36. Qe8+ Kg7 37. Qg6+ Kf8 38. Ba3+ 1-0

[Event "HUN-ch U18"]
[Site "Balatonlelle"]
[Date "2013.06.28"]
[Round "8"]
[White "Nemeth, Gergely"]
[Black "Amstadt, Aron"]
[Result "1/2-1/2"]
[WhiteElo "1987"]
[BlackElo "2346"]
[PlyCount "190"]
[EventDate "2013.??.??"]
[EventType "tourn"]
[EventRounds "9"]
[EventCountry "HUN"]
[SourceTitle "EXT 2014"]
[Source "ChessBase"]
[SourceDate "2013.11.20"]
[SourceVersion "1"]
[SourceVersionDate "2013.11.20"]
[SourceQuality "1"]

1. d4 Nf6 2. c4 Nc6 3. Nf3 e6 4. g3 Bb4+ 5. Bd2 Qe7 6. Bg2 Bxd2+ 7. Nbxd2 d6 8. 0-0 0-0 9. e4 e5 10. d5 Nb8 11. Ne1 a5 12. Nd3 Bg4 13. f3 Bd7 14. Qc2 Na6 15. Rae1 c6 16. f4 exf4 17. gxf4 cxd5 18. e5 Ng4 19. Bxd5 dxe5 20. Ne4 Nb4 21. Nxb4 axb4 22. Ng5 Qc5+ 23. Kh1 g6 24. Qg2 Ne3 25. Qg1 exf4 26. Rxf4 Nxd5 27. Qxc5 Nxf4 28. Qd4 Bc6+ 29. Kg1 Nh5 30. Re7 Rad8 31. Qe5 Rd1+ 32. Kf2 Rfd8 33. Nxf7 R8d2+ 34. Ke3 Rd3+ 35. Kf2 Kf8 36. Nh6 Rf3+ 37. Ke2 Rdf1 38. Kd2 R3f2+ 39. Kd3 Rg2 40. Kd4 b6 41. Rf7+ Rxf7 42. Nxf7 Rg4+ 43. Kd3 Be4+ 44. Ke3 Kxf7 45. h3 Rf4 46. Qc7+ Kg8 47. Qxb6 Bf5 48. Qxb4 Re4+ 49. Kd2 Nf4 50. Qb8+ Kg7 51. c5 Re2+ 52. Kc3 Rc2+ 53. Kb3 Ne6 54. Qe5+ Kf7 55. a4 Nxc5+ 56. Ka3 Nd3 57. Qd5+ Kg7 58. a5 Rxb2 59. a6 Re2 60. a7 Be4 61. a8Q Bxd5 62. Qxd5 Ne5 63. Kb3 Kf6 64. Qd8+ Kf5 65. Qf8+ Kg5 66. Qe7+ Kf4 67. Qh4+ Kf5 68. Qxh7 Rh2 69. Qh4 g5 70. Qg3 Re2 71. Qg1 Re4 72. Qf2+ Rf4 73. Qg2 Rh4 74. Qc2+ Kf6 75. Qf2+ Rf4 76. Qb6+ Kf5 77. Kc2 Rf3 78. Qc5 Ke4 79. Qb4+ Kf5 80. Qf8+ Ke6 81. Qh6+ Kf5 82. Qf8+ Ke4 83. Qh6 Rg3 84. h4 g4 85. Qh7+ Ke3 86. Qe7 Ke4 87. h5 Rh3 88. Qg7 Rxh5 89. Qb7+ Kf4 90. Qb4+ Kg3 91. Qe1+ Kf4 92. Qb4+ Kg5 93. Qe7+ Kg6 94. Qe8+ Kh6 95. Qh8+ Kg6 1/2-1/2

[Event "HUN-ch U18"]
[Site "Balatonlelle"]
[Date "2013.06.26"]
[Round "6"]
[White "Tesik, Csaba"]
[Black "Amstadt, Aron"]
[Result "1-0"]
[WhiteElo "2351"]
[BlackElo "2346"]
[PlyCount "53"]
[EventDate "2013.??.??"]
[EventType "tourn"]
[EventRounds "9"]
[EventCountry "HUN"]
[SourceTitle "EXT 2014"]
[Source "ChessBase"]
[SourceDate "2013.11.20"]
[SourceVersion "1"]
[SourceVersionDate "2013.11.20"]
[SourceQuality "1"]

1. e4 c5 2. Nf3 e6 3. d4 cxd4 4. Nxd4 a6 5. Nc3 b5 6. Bd3 Bb7 7. 0-0 Qc7 8. Qe2 Nc6 9. Nxc6 dxc6 10. a4 Nf6 11. e5 Nd7 12. Bf4 Be7 13. Ne4 0-0 14. Qg4 Nxe5 15. Qg3 f6 16. Qh3 Qc8 17. Nxf6+ Bxf6 18. Qxh7+ Kf7 19. Qh5+ Ke7 20. Bxe5 c5 21. Rfe1 Rh8 22. Qg4 Qg8 23. axb5 Rh4 24. Qg3 c4 25. Bf5 Rh5 26. Bxf6+ gxf6 27. Rxe6+ 1-0

[Event "HUN-ch U18"]
[Site "Balatonlelle"]
[Date "2013.06.22"]
[Round "2"]
[White "Horvath, David G"]
[Black "Amstadt, Aron"]
[Result "1/2-1/2"]
[WhiteElo "2371"]
[BlackElo "2346"]
[PlyCount "70"]
[EventDate "2013.??.??"]
[EventType "tourn"]
[EventRounds "9"]
[EventCountry "HUN"]
[SourceTitle "EXT 2014"]
[Source "ChessBase"]
[SourceDate "2013.11.20"]
[SourceVersion "1"]
[SourceVersionDate "2013.11.20"]
[SourceQuality "1"]

1. c4 c5 2. Nf3 Nc6 3. Nc3 g6 4. e3 Bg7 5. d4 d6 6. h3 Nf6 7. Be2 0-0 8. 0-0 e5 9. d5 Ne7 10. Nd2 h6 11. a3 Nh7 12. e4 f5 13. b4 b6 14. Rb1 Nf6 15. exf5 gxf5 16. f4 exf4 17. Bd3 Ng6 18. Nf3 Nh5 19. Ne2 Be5 20. Bd2 Rf7 21. Qc2 Qf6 22. bxc5 bxc5 23. Rb5 Rg7 24. Be1 Ba1 25. Nc3 Ng3 26. Rf2 Re7 27. Bd2 Rb7 28. Rxb7 Bxb7 29. Qc1 Bxc3 30. Bxc3 Qf7 31. Nh4 Re8 32. Nxg6 Qxg6 33. Qxf4 Bc8 34. Kh2 Ne4 35. Rf3 Qg5 1/2-1/2

[Event "Wch U16"]
[Site "Maribor"]
[Date "2012.11.08"]
[Round "1.25"]
[White "Amstadt, Aron"]
[Black "Bezuidenhout, Roland Reinhold"]
[Result "1/2-1/2"]
[WhiteElo "2273"]
[BlackElo "1974"]
[PlyCount "97"]
[EventDate "2012.11.08"]
[EventType "swiss"]
[EventRounds "11"]
[EventCountry "SLO"]
[SourceTitle "EXT 2013"]
[Source "ChessBase"]
[SourceDate "2012.11.22"]
[SourceVersion "1"]
[SourceVersionDate "2012.11.22"]
[SourceQuality "1"]

1. d4 Nf6 2. c4 g6 3. Nc3 d5 4. Nf3 Bg7 5. Bf4 0-0 6. Rc1 c6 7. e3 Qa5 8. Be2 Nbd7 9. Nd2 dxc4 10. Nxc4 Qd8 11. 0-0 Nb6 12. h3 Be6 13. Na5 Bc8 14. Bh2 Nfd5 15. Qd2 Nxc3 16. bxc3 e5 17. Rfd1 Qg5 18. Kh1 Rd8 19. Nc4 exd4 20. cxd4 Be6 21. Ne5 Nd7 22. Nf3 Qe7 23. Bc4 Bxc4 24. Rxc4 Nf6 25. Qc2 Ne4 26. Kg1 Nd6 27. Bxd6 Rxd6 28. Rb1 Rad8 29. a4 Qd7 30. Nd2 Bf8 31. a5 Qc7 32. Nb3 Rf6 33. Nc5 Bxc5 34. Rxc5 b6 35. axb6 axb6 36. Rcb5 Rb8 37. R5b3 Rd6 38. Rc3 Qd7 39. Rc1 Rc8 40. Qa4 Rc7 41. Rb3 c5 42. Qa8+ Kg7 43. Qa1 cxd4 44. Rxc7 Qxc7 45. exd4 Qc4 46. Qb2 Qxd4 47. Qxd4+ Rxd4 48. Rxb6 Rd2 49. g3 1/2-1/2

[Event "HUN-chT U18"]
[Site "Budapest"]
[Date "2012.10.28"]
[Round "1.3"]
[White "Amstadt, Aron"]
[Black "Szukics, Adam"]
[Result "1-0"]
[WhiteElo "2273"]
[BlackElo "1875"]
[PlyCount "29"]
[EventDate "2012.10.28"]
[EventType "team-swiss"]
[EventRounds "8"]
[EventCountry "HUN"]
[SourceTitle "EXT 2020"]
[Source "ChessBase"]
[SourceDate "2019.10.17"]
[SourceVersion "1"]
[SourceVersionDate "2019.10.17"]
[SourceQuality "1"]

1. d4 d5 2. c4 c6 3. e3 Nf6 4. Nf3 e6 5. Nbd2 Nbd7 6. Bd3 dxc4 7. Nxc4 b5 8. Nce5 Bb7 9. 0-0 Be7 10. Bd2 a6 11. b4 0-0 12. Qc2 Rc8 13. Ng5 h6 14. Bh7+ Kh8 15. Nexf7+ 1-0

[Event "HUN-chT U18"]
[Site "Budapest"]
[Date "2012.10.28"]
[Round "2.7"]
[White "Kovacs, Lajos1111"]
[Black "Amstadt, Aron"]
[Result "0-1"]
[WhiteElo "2229"]
[BlackElo "2273"]
[PlyCount "72"]
[EventDate "2012.10.28"]
[EventType "team-swiss"]
[EventRounds "8"]
[EventCountry "HUN"]
[SourceTitle "EXT 2020"]
[Source "ChessBase"]
[SourceDate "2019.10.17"]
[SourceVersion "1"]
[SourceVersionDate "2019.10.17"]
[SourceQuality "1"]

1. Nf3 c5 2. c4 Nc6 3. Nc3 g6 4. e3 Bg7 5. d4 d6 6. h3 Nf6 7. Be2 0-0 8. 0-0 Bf5 9. d5 Nb4 10. a3 Na6 11. Nd2 Nc7 12. e4 Bd7 13. Rb1 e6 14. b4 b6 15. Bb2 Re8 16. Bd3 Nh5 17. Ne2 Bxb2 18. Rxb2 exd5 19. cxd5 b5 20. bxc5 dxc5 21. d6 Qf6 22. Rc2 c4 23. Bxc4 bxc4 24. dxc7 Ba4 25. Qc1 Bxc2 26. Qxc2 Qd6 27. Nc3 Nf4 28. Nb5 Qe5 29. a4 a6 30. Nxc4 Qg5 31. g3 axb5 32. Nd6 Nxh3+ 33. Kg2 Nf4+ 34. Kg1 Qg4 35. Qb3 Rf8 36. axb5 Qh3 0-1

[Event "HUN-chT 1112"]
[Site "Hungary"]
[Date "2012.05.20"]
[Round "11"]
[White "Amstadt, Aron"]
[Black "Jamrich, Gyorgy"]
[Result "1/2-1/2"]
[WhiteElo "2250"]
[BlackElo "2311"]
[PlyCount "61"]
[EventDate "2011.09.25"]
[EventType "team-tourn"]
[EventRounds "11"]
[EventCountry "HUN"]
[SourceTitle "EXT 2013"]
[Source "ChessBase"]
[SourceDate "2012.11.22"]
[SourceVersion "1"]
[SourceVersionDate "2012.11.22"]
[SourceQuality "1"]
[WhiteTeam "Decs"]
[BlackTeam "Tatai Honved"]
[WhiteTeamCountry "HUN"]
[BlackTeamCountry "HUN"]

1. g3 e5 2. Bg2 Nc6 3. d3 Bc5 4. e3 d5 5. Ne2 Bg4 6. h3 Bh5 7. a3 a5 8. 0-0 Nge7 9. Nd2 0-0 10. Nf3 Qd7 11. Kh2 f6 12. b3 Rad8 13. Bb2 Qe6 14. d4 Bd6 15. Qe1 Qf5 16. Nd2 Qxc2 17. Rb1 Rfe8 18. dxe5 Nxe5 19. Nd4 Qd3 20. Ne6 Qf5 21. Nxd8 Nd3 22. e4 Qc8 23. Qe3 Nxb2 24. Rxb2 Bxa3 25. Ra2 Bb4 26. Nxb7 Qxb7 27. exd5 Qb5 28. Qe4 Bf7 29. Qc4 Qb6 30. Rc2 c6 31. Nf3 1/2-1/2

[Event "HUN-chT 1112"]
[Site "Hungary"]
[Date "2012.04.22"]
[Round "9"]
[White "Amstadt, Aron"]
[Black "Boronyak, Arpad"]
[Result "1-0"]
[WhiteElo "2250"]
[BlackElo "2233"]
[PlyCount "63"]
[EventDate "2011.09.25"]
[EventType "team-tourn"]
[EventRounds "11"]
[EventCountry "HUN"]
[SourceTitle "EXT 2013"]
[Source "ChessBase"]
[SourceDate "2012.11.22"]
[SourceVersion "1"]
[SourceVersionDate "2012.11.22"]
[SourceQuality "1"]
[WhiteTeam "Decs"]
[BlackTeam "Csuti"]
[WhiteTeamCountry "HUN"]
[BlackTeamCountry "HUN"]

1. Nf3 Nf6 2. g3 g6 3. Bg2 Bg7 4. 0-0 0-0 5. c4 d6 6. Nc3 e5 7. d4 Nc6 8. h3 Bd7 9. d5 Ne7 10. c5 Ne8 11. Qb3 Qc8 12. cxd6 Nxd6 13. Kh2 h6 14. Be3 b6 15. Nd2 Nef5 16. Nc4 Qa6 17. Nxd6 cxd6 18. a4 Rac8 19. Nb5 Nxe3 20. fxe3 Bxb5 21. axb5 Qb7 22. Rfc1 Rc5 23. Rxc5 bxc5 24. Ra6 Rd8 25. Qa4 Rd7 26. Rc6 Bf8 27. h4 Rd8 28. h5 Rb8 29. Qg4 Qe7 30. hxg6 f6 31. Qc4 Kg7 32. b4 1-0

[Event "HUN-chT 1112"]
[Site "Hungary"]
[Date "2012.02.19"]
[Round "6"]
[White "Amstadt, Aron"]
[Black "Gyurkovics, Miklos"]
[Result "1-0"]
[WhiteElo "2250"]
[BlackElo "2135"]
[PlyCount "59"]
[EventDate "2011.09.25"]
[EventType "team-tourn"]
[EventRounds "11"]
[EventCountry "HUN"]
[SourceTitle "EXT 2013"]
[Source "ChessBase"]
[SourceDate "2012.11.22"]
[SourceVersion "1"]
[SourceVersionDate "2012.11.22"]
[SourceQuality "1"]
[WhiteTeam "Decs"]
[BlackTeam "Vasas"]
[WhiteTeamCountry "HUN"]
[BlackTeamCountry "HUN"]

1. d4 d5 2. c4 e5 3. dxe5 d4 4. Nf3 Nc6 5. g3 Nge7 6. Bg2 Ng6 7. Bf4 Nxf4 8. gxf4 f6 9. Nbd2 fxe5 10. fxe5 Bf5 11. a3 Be7 12. Qb3 Qd7 13. Qb5 0-0-0 14. h4 a6 15. Qb3 Rhe8 16. Rc1 Bc5 17. h5 g5 18. hxg6 hxg6 19. Ng5 Rxe5 20. Rh7 Qe8 21. Qf3 d3 22. e4 Be7 23. Nf7 Rxe4+ 24. Kf1 Re2 25. Nxd8 Bxd8 26. Qf4 Ne5 27. Bh3 Bxh3+ 28. Rxh3 Qc6 29. Rh8 b6 30. Re1 1-0

[Event "HUN-chT 1112"]
[Site "Hungary"]
[Date "2012.01.29"]
[Round "5"]
[White "Amstadt, Aron"]
[Black "Bakos, Balazs"]
[Result "1-0"]
[WhiteElo "2250"]
[BlackElo "2390"]
[PlyCount "75"]
[EventDate "2011.09.25"]
[EventType "team-tourn"]
[EventRounds "11"]
[EventCountry "HUN"]
[SourceTitle "EXT 2013"]
[Source "ChessBase"]
[SourceDate "2012.11.22"]
[SourceVersion "1"]
[SourceVersionDate "2012.11.22"]
[SourceQuality "1"]
[WhiteTeam "Decs"]
[BlackTeam "Penzugyor"]
[WhiteTeamCountry "HUN"]
[BlackTeamCountry "HUN"]

1. d4 d5 2. c4 c6 3. Nc3 Nf6 4. e3 a6 5. Bd3 b5 6. b3 g6 7. Nge2 Bg7 8. 0-0 0-0 9. Bb2 Nbd7 10. Rc1 Rb8 11. Qc2 Bb7 12. a4 dxc4 13. bxc4 b4 14. Nb1 c5 15. Nd2 Qc7 16. h3 e5 17. d5 Ne8 18. f4 Nd6 19. f5 Rbe8 20. Ng3 Bc8 21. Nde4 Nf6 22. Rf2 Nfxe4 23. Bxe4 Bf6 24. Rcf1 Bh4 25. Rf3 Qe7 26. f6 Qc7 27. Nh1 Kh8 28. g3 Bg5 29. h4 Bh6 30. Nf2 Nf5 31. Qd3 Rg8 32. Ng4 Bf8 33. Nf2 a5 34. g4 Nd6 35. Kg2 Qd7 36. Rh1 Ba6 37. h5 Bxc4 38. hxg6 1-0